Válságban cselekedni

Elmentve itt :
Bibliográfiai részletek
Dokumentumtípus: Cikk
Megjelent: 1987
Sorozat:Beszélő : politikai és kulturális folyóirat 20
Kulcsszavak:Kádár János, Jogtudomány, Politikatudomány, Társadalomtudomány
Online Access:http://misc.bibl.u-szeged.hu/2384
LEADER 00587nab a2200169 i 4500
001 misc2384
005 20191106141408.0
008 170607s1987 hu o 0|| hun d
022 |a 0865-4093 
040 |a SZTE Miscellanea Repozitórium  |b hun 
041 |a hun 
245 0 0 |a Válságban cselekedni  |h [elektronikus dokumentum] 
260 |c 1987 
300 |a 4-9 
490 0 |a Beszélő : politikai és kulturális folyóirat  |v 20 
695 |a Kádár János, Jogtudomány, Politikatudomány, Társadalomtudomány 
856 4 0 |u http://misc.bibl.u-szeged.hu/2384/1/beszelo_020_004-009.pdf  |z Dokumentum-elérés